US State Nicknames Match Quiz Stats

 Plays Quiz Updated Nov 3, 2013

Support Sporcle.
Go Orange.
Score 0/50 Timer 06:00
1 Play Today
% Correct
Hawaii
87.6%
New York
86.1%
Texas
84.9%
California
82.3%
Georgia
81.1%
Florida
80.3%
Michigan
79.2%
Arizona
77.2%
New Jersey
74.3%
Kentucky
73%
Ohio
71.8%
Indiana
71.6%
South Dakota
69.7%
Delaware
69.7%
Oklahoma
69%
Nebraska
68.8%
North Carolina
68.8%
Alaska
68.5%
Tennessee
68.1%
Iowa
63.5%
Missouri
63.1%
Louisiana
62.6%
Wisconsin
61.1%
Oregon
59.8%
Alabama
58%
% Correct
Pennsylvania
57.2%
Nevada
54.4%
South Carolina
54%
Vermont
53.9%
Virginia
53.8%
Massachusetts
51.3%
New Mexico
51.3%
Kansas
50.9%
Connecticut
50.7%
Rhode Island
48.7%
Washington
48.2%
Mississippi
47.7%
Minnesota
47.2%
New Hampshire
47%
Utah
46.1%
Colorado
43.4%
Maryland
42.4%
Maine
42.1%
Idaho
38.8%
Arkansas
38.4%
Wyoming
37.6%
Illinois
36.4%
West Virginia
35.8%
Montana
33.5%
North Dakota
31.2%

You're not logged in!

Compare scores with friends on all Sporcle quizzes.
OR
Log In

From the Vault

Hall of Fame Sports Cards (2016)

by pdigoe

If you don't know sports, the cards may be stacked against you in this one.
Remove Ads.
Support Sporcle.
Get the best of Sporcle when you Go Orange. This ad-free experience offers more features, more stats, and more fun while also helping to support Sporcle. Thank you for becoming a member.

Show Comments

Extras

Top Quizzes Today


Score Distribution

Your Account Isn't Verified!

In order to create a playlist on Sporcle, you need to verify the email address you used during registration. Go to your Sporcle Settings to finish the process.

Report this User

Report this user for behavior that violates our Community Guidelines.

Details: